Top 50 Most Streamed Slipknot Songs - Statistics

General Stats
  • This quiz has been taken 335 times
  • The average score is 27 of 50
Answer Stats
Hint Answer % Correct
639,392,545 Duality
96%
524,041,461 Psychosocial
95%
373,801,178 Wait and Bleed
92%
454,912,246 Before I Forget
87%
308,489,029 Snuff
84%
106,508,146 Eyeless
83%
328,886,860 The Devil in I
81%
132,226,377 People = Shit
80%
181,249,182 Custer
79%
115,818,095 (sic)
79%
160,185,436 Spit It Out
75%
263,419,568 Unsainted
75%
89,014,659 Sulfur
71%
130,731,263 Nero Forte
68%
75,004,521 Vermilion
68%
82,130,399 Left Behind
67%
138,478,382 Dead Memories
66%
63,270,218 Disasterpiece
65%
77,420,841 The Heretic Anthem
64%
109,054,174 Killpop
62%
78,395,562 Surfacing
62%
40,613,431 The Dying Song (Time to Sing)
55%
142,733,510 Vermilion, Pt. 2
55%
27,186,876 Yen
53%
52,314,390 Pulse of the Maggots
52%
39,313,204 All Hope is Gone
49%
56,556,006 My Plague
49%
51,787,926 The Blister Exists
49%
66,187,569 Solway Firth
46%
22,095,098 Gematria (The Killing Name)
45%
39,355,895 Purity
44%
47,261,190 AOV
43%
38,907,905 Liberate
43%
39,726,173 Everything Ends
39%
56,951,618 The Negative One
38%
30,385,817 The Chapeltown Rag
37%
33,463,640 The Nameless
37%
114,919,755 All Out Life
36%
26,227,268 XIX
36%
39,138,080 Sarcastrophe
33%
27,605,781 Red Flag
29%
35,775,824 Vendetta
29%
38,212,339 Birth of the Cruel
28%
37,256,043 Critical Darling
26%
25,774,949 Goodbye
26%
38,326,027 Skeptic
26%
24,539,729 Nomadic
25%
23,793,884 Orphan
24%
29,471,175 Lech
23%
26,692,374 'Til We Die
23%
No matching quizzes found
Score Distribution
Percent of People with Each Score
Percentile by Number Answered
Your Score History
You have not taken this quiz